01783cam a22003255a 45000010009000000050017000090080041000260200018000670200016000850400083001010430012001840820022001961000037002182450131002552600060003863000034004465040031004805200392005115900011009036000037009146500070009516500046010216510010010676530025010776530024011029420026011269990017011529520144011699520144013131832025520161018143911.0140930t2014 nyua frb 000 0 eng d a9781118572306 a1118572300  aUKMGBbengcUKMGBdOCLCOdBDXdSINLBdYBMdIEBdYBMdYDXCPdVP@dDLCdEG-ScBUE an-us---04222a332.6092bBIG1 aBiggs, Barton,d1932-201293943910aBiggs on finance, economics, and the stock market :bBarton's market chronicles from the Morgan Stanley years /cBarton Biggs. aHoboken, New Jersey : bJohn Wiley & Sons, Inc.,c2014. axii, 410 p. :bill. ;c27 cm. aBibliography : p. 405-410. aLong considered one of the best brains on Wall Street, Barton Biggs acquired the stature of a legend within his lifetime. Among his many coups, he accurately called the rise and fall of the dot-com market, and was an energetic promoter of emerging markets, including China, well before American businesses began flocking there - and he made vast fortunes for his clients, in the process. aWessam1 aBiggs, Barton,d1932-2012939439 7aInvestment advisorszUnited StatesvCorrespondence.2BUEsh941573 7aInvestmentszUnited States.2BUEsh936780 2BUEsh bBUSADMcFebruary2016 bBUSADMcOctober2016 2ddce22k332.6092 BIG c21247d21219 00102ddc40708AcademicaMAINbMAINc1STd2016-02-25ePurchaseg450.00h4874l0o332.6092 BIGp000031731r2025-07-15 00:00:00v562.50yBB 00102ddc40708AcademicaMAINbMAINc1STd2016-10-18ePurchaseg450.00h9154l0o332.6092 BIGp000033442r2025-07-15 00:00:00v562.00yBB